Central Library OPAC University of Rajshahi

Economic planning under free enterprise / (Record no. 43796)

MARC details
000 -LEADER
fixed length control field 00675nam a2200241 a 4500
001 - CONTROL NUMBER
control field 43796
003 - CONTROL NUMBER IDENTIFIER
rucl marc code BD-RjUL
005 - DATE AND TIME OF LATEST TRANSACTION
control field 20211209053744.0
008 - FIXED-LENGTH DATA ELEMENTS--GENERAL INFORMATION
fixed length control field 160627s1954 wau 1 0 eng d
035 ## - SYSTEM CONTROL NUMBER
System control number (BD-RjUL)43914
System control number 1042650
040 ## - CATALOGING SOURCE
Original cataloging agency NUN:S
Language of cataloging eng
Transcribing agency NUN:S
041 ## - LANGUAGE CODE
Language code of text/sound track or separate title eng
082 ## - DEWEY DECIMAL CLASSIFICATION NUMBER
Classification number 338.91
Author mark and year GRE 1954
100 1# - MAIN ENTRY--PERSONAL NAME
Personal name Grayson, Henry.
9 (RLIN) 134614
245 10 - TITLE STATEMENT
Title Economic planning under free enterprise /
Statement of responsibility, etc. by Henry Grayson.
260 ## - PUBLICATION, DISTRIBUTION, ETC. (IMPRINT)
Place of publication, distribution, etc. Washington :
Name of publisher, distributor, etc. Public Affairs Press,
Date of publication, distribution, etc. c1954.
300 ## - PHYSICAL DESCRIPTION
Pagination viii, 134 p. ;
Size 20 cm.
500 ## - GENERAL NOTE
General note Includes index
650 ## - SUBJECT ADDED ENTRY--TOPICAL TERM
Topical term or geographic name as entry element Economic policy.
9 (RLIN) 134615
Topical term or geographic name as entry element Business forecasting.
9 (RLIN) 134616
942 ## - ADDED ENTRY ELEMENTS (KOHA)
Source of classification or shelving scheme Dewey Decimal Classification
Koha item type Books
Holdings
Lost status Source of classification or shelving scheme Damaged status Not for loan Collection code Permanent Location Current Location Shelving location Date acquired Source of acquisition Cost, normal purchase price Total Checkouts Full call number Date last seen Copy number Koha item type
  Dewey Decimal Classification     Non-fiction Central Library, University of Rajshahi Central Library, University of Rajshahi   10/01/1958 Pak-American Councile 10.00   338.91 GRE 1954 27/06/2016 C-2 Books